header

The Wiley-Blackwell companion to economic geography (Record no. 244000)

MARC details
000 -LEADER
fixed length control field 01345nam a2200361Ia 4500
082 04 - DEWEY DECIMAL CLASSIFICATION NUMBER
Classification number 330.9
245 04 - TITLE STATEMENT
Title The Wiley-Blackwell companion to economic geography
260 ## - PUBLICATION, DISTRIBUTION, ETC. (IMPRINT)
Place of publication Chichester, West Sussex ;
-- Malden, MA :
Name of publisher Wiley,
Year of publication 2012.
300 ## - PHYSICAL DESCRIPTION
Number of Pages xviii, 646 p.
650 #0 - SUBJECT ADDED ENTRY--TOPICAL TERM
Topical Term Economic geography.
Topical Term Geography.
Topical Term Economics.
700 1# - ADDED ENTRY--PERSONAL NAME
Personal name Barnes, Trevor J.
Personal name Peck, Jamie.
Personal name Sheppard, Eric S.
856 40 - ELECTRONIC LOCATION AND ACCESS
Uniform Resource Identifier http://site.ebrary.com/lib/rucke/Doc?id=10538654

No items available.

© 2026 Rongo University
Contact us: librarian | system librarian | Rongo university